Statistics for Highest Paid NHL Players

Click here to take the quiz!

General Stats

  • This quiz has been taken 16 times
  • The average score is 14 of 15

Answer Stats

Salary ($ Millions)TeamPositionPlayer% Correct
10KingsCAnze Kopitar
100%
11.6Maple LeafsCAuston Matthews
100%
12.5OilersCConnor McDavid
100%
10.5BlackhawksCJonathan Toews
100%
10.5BlackhawksRWPatrick Kane
100%
11.6RangersLWArtemi Panarin
93%
10.5CanadiensGCarey Price
93%
11KingsDDrew Doughty
93%
11.5SharksDErik Karlsson
93%
11Maple LeafsCJohn Tavares
93%
10.9Maple LeafsRWMitchell Marner
93%
10PanthersCAleksander Barkov
86%
10Golden KnightsCJack Eichel
86%
10PanthersGSergei Bobrovsky
86%
9.9StarsCTyler Seguin
79%

Score Distribution

Percentile by Number Answered

Percent of People with Each Score

Your Score History

You have not taken this quiz